000 00773nas a2200241 4500
001 BR2012004589
003 BR-BrBNA
005 20231205120751.0
007 ta
008 230509b bl.|||p| |||| 00| 00por d
040 _aBR-BrBNA
_bpor
_cBiblioteca Nacional de Agricultura
041 _a(Pt)
072 _aL60
100 1 _aColley, E.
245 1 _aNova espécie de thaumastus da floresta atlântica do Paraná, Brasil (Mollusca, Gastropoda, Plmonata, Bulimuloidea)
650 _aTHAUMASTUS
650 _aMOLUSCO
650 _aTAXONOMIA ANIMAL
650 _aMORFOLOGIA ANIMAL
773 0 _tIheringia. Série Zoologia (Brazil)
_xISSN 0073-4721
_g(Mar 2012), v. 102(1) p. 43-47
_wBR2012004589
909 _a202311
_bLúcia
_c55
_dLúcia Elande
942 _2AGRIS
_n0
_cANA
999 _c220209
_d220209